[Event "MPA 1580 2024"]
[Site "Sianozety"]
[Date "2024.04.12"]
[Round "7.7"]
[White "Burszczan, Piotr"]
[Black "Glaz, Marek"]
[Result "0-1"]
[BlackElo "1456"]
[WhiteElo "1553"]
[LiveChessVersion "1.4.4"]

1. d4 {[%clk 1:30:59]} d5 {[%clk 1:30:53]} 2. Nf3 {[%clk 1:31:27]} Nf6
{[%clk 1:31:11]} 3. c4 {[%clk 1:31:53]} c6 {[%clk 1:31:33]} 4. g3
{[%clk 1:32:19]} e6 {[%clk 1:31:53]} 5. Nbd2 {[%clk 1:32:27]} Nbd7
{[%clk 1:30:00]} 6. Bg2 {[%clk 1:32:52]} Bd6 {[%clk 1:26:41]} 7. e3
{[%clk 1:32:58]} O-O {[%clk 1:24:20]} 8. O-O {[%clk 1:33:06]} e5 {[%clk 1:21:36]}
9. dxe5 {[%clk 1:28:10]} Nxe5 {[%clk 1:21:56]} 10. cxd5 {[%clk 1:28:08]} Nxd5
{[%clk 1:22:07]} 11. Nxe5 {[%clk 1:25:57]} Bxe5 {[%clk 1:22:27]} 12. Nc4
{[%clk 1:25:21]} Bf6 {[%clk 1:22:14]} 13. e4 {[%clk 1:22:28]} Nb6
{[%clk 1:16:29]} 14. Qxd8 {[%clk 1:16:52]} Rxd8 {[%clk 1:16:32]} 15. Nxb6
{[%clk 1:10:11]} axb6 {[%clk 1:16:58]} 16. Re1 {[%clk 1:07:08]} Be6
{[%clk 1:12:15]} 17. e5 {[%clk 1:05:16]} Bxe5 {[%clk 1:09:46]} 18. a3
{[%clk 0:59:02]} b5 {[%clk 1:07:42]} 19. Bf3 {[%clk 0:55:11]} Bf6
{[%clk 1:07:51]} 20. Kg2 {[%clk 0:50:10]} Bb3 {[%clk 0:55:04]} 21. Re3
{[%clk 0:45:20]} Bc4 {[%clk 0:55:03]} 22. Rb1 {[%clk 0:40:14]} h6
{[%clk 0:51:27]} 23. b4 {[%clk 0:38:01]} Ba2 {[%clk 0:49:52]} 24. Rbb3
{[%clk 0:34:54]} Bxb3 {[%clk 0:50:09]} 25. Rxb3 {[%clk 0:35:18]} Kf8
{[%clk 0:37:42]} 26. Be3 {[%clk 0:31:59]} Bd4 {[%clk 0:37:10]} 27. Bc1
{[%clk 0:30:06]} Re8 {[%clk 0:34:03]} 28. Kf1 {[%clk 0:28:45]} Rad8
{[%clk 0:32:46]} 29. h3 {[%clk 0:27:27]} Bb6 {[%clk 0:29:47]} 30. h4
{[%clk 0:26:45]} Rd7 {[%clk 0:28:55]} 31. Bf4 {[%clk 0:24:36]} Red8
{[%clk 0:28:23]} 32. Be2 {[%clk 0:24:27]} Rd5 {[%clk 0:27:46]} 33. Ke1
{[%clk 0:21:22]} g5 {[%clk 0:27:30]} 34. hxg5 {[%clk 0:20:46]} hxg5
{[%clk 0:27:58]} 35. Bc1 {[%clk 0:20:24]} R8d6 {[%clk 0:28:02]} 36. f3
{[%clk 0:19:01]} Rh6 {[%clk 0:28:10]} 37. f4 {[%clk 0:16:48]} Rh1+
{[%clk 0:27:38]} 38. Bf1 {[%clk 0:16:59]} Rxf1+ {[%clk 0:27:58]} 39. Kxf1
{[%clk 0:17:14]} Rd1+ {[%clk 0:28:21]} 40. Ke2 {[%clk 0:17:14]} Rxc1
{[%clk 0:28:43]} 41. fxg5 {[%clk 0:17:14]} Bd8 {[%clk 0:26:05]} 42. g6
{[%clk 0:17:27]} fxg6 {[%clk 0:26:15]} 43. Kf3 {[%clk 0:17:42]} Bf6
{[%clk 0:26:13]} 0-1

[Event "MPA 1580 2024"]
[Site "Sianozety"]
[Date "2024.04.12"]
[Round "7.8"]
[White "Kuriata, Pawel"]
[Black "Superson, Dawid"]
[Result "1-0"]
[BlackElo "1509"]
[WhiteElo "1571"]
[LiveChessVersion "1.4.4"]

1. e4 {[%clk 1:30:58]} e5 {[%clk 1:30:59]} 2. Nf3 {[%clk 1:31:12]} Nc6
{[%clk 1:31:12]} 3. Nc3 {[%clk 1:31:26]} Nf6 {[%clk 1:31:31]} 4. d4
{[%clk 1:31:40]} Bb4 {[%clk 1:31:26]} 5. d5 {[%clk 1:23:50]} Ne7 {[%clk 1:31:48]}
6. Nxe5 {[%clk 1:23:20]} d6 {[%clk 1:31:29]} 7. Bb5+ {[%clk 1:21:00]} Kf8
{[%clk 1:31:54]} 8. Nd3 {[%clk 1:16:12]} Bxc3+ {[%clk 1:30:51]} 9. bxc3
{[%clk 1:16:32]} Nxe4 {[%clk 1:30:03]} 10. c4 {[%clk 1:12:56]} a6
{[%clk 1:28:59]} 11. Qf3 {[%clk 1:10:47]} Bf5 {[%clk 1:22:08]} 12. Ba4
{[%clk 1:09:42]} h6 {[%clk 1:10:50]} 13. Bb2 {[%clk 1:05:56]} b5 {[%clk 0:59:07]}
14. cxb5 {[%clk 1:02:32]} axb5 {[%clk 0:59:23]} 15. Bb3 {[%clk 0:58:18]} Kg8
{[%clk 0:54:51]} 16. Nb4 {[%clk 0:55:23]} Qd7 {[%clk 0:44:10]} 17. O-O
{[%clk 0:49:57]} Ng6 {[%clk 0:36:00]} 18. g4 {[%clk 0:42:18]} Nh4
{[%clk 0:27:49]} 19. Qf4 {[%clk 0:36:01]} Bxg4 {[%clk 0:17:20]} 20. Qxe4
{[%clk 0:33:47]} Re8 {[%clk 0:13:26]} 21. Qf4 {[%clk 0:31:30]} Nf3+
{[%clk 0:08:53]} 22. Kh1 {[%clk 0:28:59]} Nd2 {[%clk 0:07:39]} 23. f3
{[%clk 0:24:50]} Nxf1 {[%clk 0:04:57]} 24. Rxf1 {[%clk 0:23:11]} Bh5
{[%clk 0:04:38]} 25. Nd3 {[%clk 0:22:53]} Qh3 {[%clk 0:04:26]} 26. Rf2
{[%clk 0:19:28]} Re2 {[%clk 0:03:32]} 27. Kg1 {[%clk 0:13:51]} Kh7
{[%clk 0:03:21]} 28. Rxe2 {[%clk 0:12:44]} Bxf3 {[%clk 0:02:29]} 29. Rf2
{[%clk 0:12:19]} Bh5 {[%clk 0:02:22]} 30. Qg3 {[%clk 0:11:43]} 1-0

[Event "MPA 1580 2024"]
[Site "Sianozety"]
[Date "2024.04.12"]
[Round "8.1"]
[White "Krzeszowiec, Wojciech"]
[Black "Dubel, Daniel"]
[Result "1-0"]
[BlackElo "1511"]
[WhiteElo "1580"]
[LiveChessVersion "1.4.4"]

1. e4 {[%clk 1:30:50]} e5 {[%clk 1:30:42]} 2. Nf3 {[%clk 1:31:03]} Nc6
{[%clk 1:31:07]} 3. Bc4 {[%clk 1:31:20]} Bc5 {[%clk 1:30:50]} 4. O-O
{[%clk 1:30:49]} Nf6 {[%clk 1:30:06]} 5. d3 {[%clk 1:30:19]} O-O {[%clk 1:30:28]}
6. Bb3 {[%clk 1:28:39]} a5 {[%clk 1:27:03]} 7. a4 {[%clk 1:29:00]} d6
{[%clk 1:26:38]} 8. c3 {[%clk 1:29:20]} Ne7 {[%clk 1:25:55]} 9. Re1
{[%clk 1:23:43]} Ng6 {[%clk 1:24:29]} 10. d4 {[%clk 1:20:41]} exd4
{[%clk 1:19:20]} 11. cxd4 {[%clk 1:20:54]} Ba7 {[%clk 1:19:43]} 12. h3
{[%clk 1:19:41]} h6 {[%clk 1:18:05]} 13. Nc3 {[%clk 1:19:17]} Re8
{[%clk 1:12:37]} 14. Qc2 {[%clk 1:17:53]} Be6 {[%clk 1:09:54]} 15. Bxe6
{[%clk 1:05:35]} Rxe6 {[%clk 1:09:56]} 16. Be3 {[%clk 1:04:59]} Nh5
{[%clk 1:05:02]} 17. d5 {[%clk 1:00:50]} Rf6 {[%clk 0:59:41]} 18. Bxa7
{[%clk 1:00:57]} Rxa7 {[%clk 1:00:05]} 19. Nb5 {[%clk 1:01:00]} Rxf3
{[%clk 0:54:47]} 20. Nxa7 {[%clk 0:47:33]} Ngf4 {[%clk 0:40:20]} 21. Qd1
{[%clk 0:39:17]} Rxh3 {[%clk 0:30:14]} 22. Qg4 {[%clk 0:32:04]} Rh4
{[%clk 0:27:34]} 23. Qc8 {[%clk 0:32:17]} Qxc8 {[%clk 0:25:55]} 24. Nxc8
{[%clk 0:32:39]} Nd3 {[%clk 0:22:19]} 25. Ne7+ {[%clk 0:31:43]} Kf8
{[%clk 0:22:07]} 26. Nf5 {[%clk 0:31:31]} Rg4 {[%clk 0:21:50]} 27. f3
{[%clk 0:30:21]} Rg5 {[%clk 0:21:00]} 28. Re2 {[%clk 0:30:08]} Nhf4
{[%clk 0:20:35]} 29. Rd2 {[%clk 0:29:14]} Ne5 {[%clk 0:20:52]} 30. Kf1
{[%clk 0:28:54]} Nc4 {[%clk 0:17:06]} 31. Rc2 {[%clk 0:27:23]} Rh5
{[%clk 0:15:23]} 32. Kg1 {[%clk 0:25:40]} g6 {[%clk 0:14:43]} 33. Ng3
{[%clk 0:16:25]} Rg5 {[%clk 0:14:33]} 34. Nf1 {[%clk 0:12:32]} Ne5
{[%clk 0:14:35]} 35. Ne3 {[%clk 0:12:06]} Nxf3+ {[%clk 0:14:24]} 36. Kf2
{[%clk 0:11:58]} Nd4 {[%clk 0:14:24]} 37. Rxc7 {[%clk 0:11:49]} Nd3+
{[%clk 0:14:09]} 38. Kf1 {[%clk 0:10:28]} Rg3 {[%clk 0:13:51]} 39. Nc4
{[%clk 0:08:50]} Nf4 {[%clk 0:12:57]} 40. Nxd6 {[%clk 0:08:18]} f5
{[%clk 0:12:15]} 41. Rf7+ {[%clk 0:07:30]} Kg8 {[%clk 0:12:37]} 42. Rc1
{[%clk 0:07:41]} 1-0

[Event "MPA 1580 2024"]
[Site "Sianozety"]
[Date "2024.04.12"]
[Round "8.4"]
[White "Glaz, Marek"]
[Black "Rogala, Adam"]
[Result "0-1"]
[BlackElo "1530"]
[WhiteElo "1456"]
[LiveChessVersion "1.4.4"]

1. e4 {[%clk 1:30:57]} c5 {[%clk 1:30:53]} 2. c3 {[%clk 1:31:20]} d6
{[%clk 1:31:13]} 3. d4 {[%clk 1:31:07]} cxd4 {[%clk 1:31:24]} 4. cxd4
{[%clk 1:31:34]} g6 {[%clk 1:28:57]} 5. Nf3 {[%clk 1:30:40]} Bg7 {[%clk 1:28:56]}
6. Nc3 {[%clk 1:28:52]} a6 {[%clk 1:28:35]} 7. h3 {[%clk 1:28:34]} e6
{[%clk 1:26:29]} 8. Qa4+ {[%clk 1:23:06]} Nd7 {[%clk 1:25:11]} 9. Bf4
{[%clk 1:21:33]} Qc7 {[%clk 1:20:52]} 10. Qb4 {[%clk 1:15:38]} e5
{[%clk 1:19:15]} 11. Nd5 {[%clk 1:11:55]} Qb8 {[%clk 1:17:42]} 12. dxe5
{[%clk 1:06:32]} dxe5 {[%clk 1:15:44]} 13. Be3 {[%clk 1:05:27]} b5
{[%clk 1:13:44]} 14. Rc1 {[%clk 1:04:14]} Bf8 {[%clk 1:09:24]} 15. Qa5
{[%clk 1:00:22]} Bd6 {[%clk 1:07:19]} 16. Rc6 {[%clk 0:54:36]} Kf8
{[%clk 0:52:36]} 17. Qd8+ {[%clk 0:43:21]} Kg7 {[%clk 0:51:36]} 18. Rxd6
{[%clk 0:36:14]} Qxd6 {[%clk 0:50:35]} 19. Nc7 {[%clk 0:36:15]} Ngf6
{[%clk 0:50:29]} 20. Bh6+ {[%clk 0:34:56]} Kxh6 {[%clk 0:50:51]} 21. Qxh8
{[%clk 0:35:23]} Qxc7 {[%clk 0:50:19]} 22. g4 {[%clk 0:33:11]} Qc1+
{[%clk 0:47:21]} 23. Ke2 {[%clk 0:33:22]} Qc2+ {[%clk 0:46:32]} 24. Ke1
{[%clk 0:28:38]} Qxe4+ {[%clk 0:46:37]} 25. Be2 {[%clk 0:28:57]} Bb7
{[%clk 0:42:15]} 26. g5+ {[%clk 0:28:35]} Kh5 {[%clk 0:42:34]} 27. Qxa8
{[%clk 0:23:43]} Bxa8 {[%clk 0:42:47]} 28. Nd2+ {[%clk 0:24:07]} Qxe2+
{[%clk 0:43:09]} 29. Kxe2 {[%clk 0:24:32]} Bxh1 30. gxf6 Bd5 {[%clk 0:42:59]} 31.
a3 {[%clk 0:24:32]} Nxf6 {[%clk 0:43:18]} 0-1

[Event "MPA 1580 2024"]
[Site "Sianozety"]
[Date "2024.04.12"]
[Round "8.6"]
[White "Przygrodzka, Marzanna"]
[Black "Kuriata, Pawel"]
[Result "1-0"]
[BlackElo "1571"]
[WhiteElo "1550"]
[LiveChessVersion "1.4.4"]

1. d4 {[%clk 1:30:57]} d5 {[%clk 1:30:55]} 2. Bf4 {[%clk 1:31:18]} c5
{[%clk 1:30:52]} 3. Nc3 {[%clk 1:27:36]} Nf6 {[%clk 1:24:29]} 4. e4
{[%clk 1:26:58]} dxe4 {[%clk 1:18:48]} 5. dxc5 {[%clk 1:26:29]} Bd7
{[%clk 1:15:14]} 6. Nd5 {[%clk 1:14:56]} Nxd5 {[%clk 1:09:27]} 7. Qxd5
{[%clk 1:15:18]} e6 {[%clk 0:59:50]} 8. Qxb7 {[%clk 1:08:11]} Bc6
{[%clk 0:52:00]} 9. Qb4 {[%clk 1:02:24]} Nd7 {[%clk 0:49:55]} 10. Bd6
{[%clk 0:58:57]} Bxd6 {[%clk 0:45:43]} 11. cxd6 {[%clk 0:59:18]} Qg5
{[%clk 0:30:25]} 12. Nh3 {[%clk 0:57:41]} Qf6 {[%clk 0:28:36]} 13. O-O-O
{[%clk 0:54:06]} Rc8 {[%clk 0:26:16]} 14. Qd4 {[%clk 0:53:59]} e5
{[%clk 0:21:11]} 15. Qd2 {[%clk 0:48:23]} h6 {[%clk 0:19:27]} 16. Ba6
{[%clk 0:41:00]} Rd8 {[%clk 0:17:36]} 17. Qc3 {[%clk 0:33:52]} Nb8
{[%clk 0:16:29]} 18. Qc5 {[%clk 0:29:18]} O-O {[%clk 0:13:30]} 19. Qxa7
{[%clk 0:26:12]} Rd7 {[%clk 0:11:47]} 20. Qb6 {[%clk 0:25:28]} Qe6
{[%clk 0:10:55]} 21. b3 {[%clk 0:19:36]} Rxd6 {[%clk 0:04:48]} 22. Rxd6
{[%clk 0:19:51]} Qxd6 {[%clk 0:05:17]} 23. Kb2 {[%clk 0:15:27]} Nxa6
{[%clk 0:05:20]} 24. Qxa6 {[%clk 0:15:46]} Ra8 {[%clk 0:05:28]} 25. Qc4
{[%clk 0:14:27]} Qa3+ {[%clk 0:05:13]} 26. Kc3 {[%clk 0:14:53]} Rc8
{[%clk 0:03:53]} 27. Kd2 {[%clk 0:09:33]} Qxa2 {[%clk 0:02:57]} 28. Rd1
{[%clk 0:05:55]} Bb7 {[%clk 0:02:52]} 29. Qb4 {[%clk 0:05:02]} Rxc2+
{[%clk 0:02:29]} 30. Ke1 {[%clk 0:05:15]} Re2+ {[%clk 0:01:10]} 31. Kf1
{[%clk 0:05:26]} Ba6 {[%clk 0:01:02]} 32. Kg1 {[%clk 0:05:54]} Qc2
{[%clk 0:00:58]} 33. Qd6 {[%clk 0:04:47]} Bd3 {[%clk 0:00:58]} 34. Rf1
{[%clk 0:03:33]} Qc3 {[%clk 0:01:20]} 35. Qd8+ {[%clk 0:01:46]} Kh7
{[%clk 0:01:43]} 36. Ng5+ {[%clk 0:01:37]} hxg5 {[%clk 0:01:04]} 37. Qxg5
{[%clk 0:02:05]} Qc6 {[%clk 0:01:08]} 38. Qxe5 {[%clk 0:01:40]} Qf6
{[%clk 0:01:04]} 39. Qh5+ {[%clk 0:01:29]} Kg8 {[%clk 0:01:25]} 40. Qc5
{[%clk 0:00:51]} Rc2 {[%clk 0:01:34]} 41. Qa7 {[%clk 0:00:39]} Bxf1
{[%clk 0:01:33]} 42. Qa8+ {[%clk 0:00:43]} Kh7 {[%clk 0:01:40]} 43. Qxe4+
{[%clk 0:01:10]} Qg6 {[%clk 0:01:15]} 44. Qh4+ {[%clk 0:01:30]} Qh6
{[%clk 0:01:05]} 45. Qe4+ {[%clk 0:01:59]} g6 {[%clk 0:00:42]} 46. Qxc2
{[%clk 0:02:27]} Bb5 {[%clk 0:00:46]} 47. h3 {[%clk 0:02:35]} Qg5
{[%clk 0:00:56]} 48. Qc3 {[%clk 0:02:31]} Qd5 {[%clk 0:01:01]} 49. Qg3
{[%clk 0:01:39]} Bc6 {[%clk 0:01:05]} 50. Qh4+ {[%clk 0:01:27]} Kg7
{[%clk 0:01:18]} 51. Qg3 {[%clk 0:01:38]} Kf6 {[%clk 0:01:10]} 52. Qc3+
{[%clk 0:01:43]} Ke6 {[%clk 0:01:17]} 53. Qe3+ {[%clk 0:01:46]} Kd6
{[%clk 0:01:26]} 54. f3 {[%clk 0:01:16]} Qc5 {[%clk 0:01:13]} 55. Kf2
{[%clk 0:01:22]} Qxe3+ {[%clk 0:01:10]} 56. Kxe3 {[%clk 0:01:50]} Kc5
{[%clk 0:01:12]} 57. g3 {[%clk 0:01:43]} Bd5 {[%clk 0:01:01]} 58. Kf4
{[%clk 0:01:54]} Bxb3 {[%clk 0:01:04]} 59. Kg5 {[%clk 0:02:00]} Kd4
{[%clk 0:01:11]} 60. f4 {[%clk 0:02:07]} Ke4 {[%clk 0:01:24]} 61. g4
{[%clk 0:01:24]} Kf3 {[%clk 0:00:56]} 62. h4 {[%clk 0:01:04]} Bc2
{[%clk 0:00:45]} 63. f5 {[%clk 0:01:11]} Kg3 {[%clk 0:00:34]} 64. h5
{[%clk 0:01:03]} gxh5 {[%clk 0:00:34]} 65. gxh5 {[%clk 0:01:30]} Kf3
{[%clk 0:00:36]} 66. h6 {[%clk 0:01:58]} f6+ {[%clk 0:00:35]} 67. Kxf6
{[%clk 0:02:16]} Kg4 {[%clk 0:01:02]} 1-0

[Event "MPA 1580 2024"]
[Site "Sianozety"]
[Date "2024.04.12"]
[Round "8.7"]
[White "Augustyniak, Rafal"]
[Black "Krawczyk, Marcin"]
[Result "1-0"]
[BlackElo "1560"]
[WhiteElo "1483"]
[LiveChessVersion "1.4.4"]

1. e4 {[%clk 1:30:56]} e5 {[%clk 1:30:52]} 2. Nf3 {[%clk 1:31:19]} Nc6
{[%clk 1:31:16]} 3. d4 {[%clk 1:31:43]} exd4 {[%clk 1:31:34]} 4. Nxd4
{[%clk 1:32:00]} Nf6 {[%clk 1:31:58]} 5. Nxc6 {[%clk 1:31:18]} bxc6
{[%clk 1:32:07]} 6. e5 {[%clk 1:31:27]} Nd5 {[%clk 1:32:31]} 7. c4
{[%clk 1:31:21]} Nb6 {[%clk 1:32:43]} 8. Nd2 {[%clk 1:28:04]} Be7
{[%clk 1:29:40]} 9. Bd3 {[%clk 1:27:08]} O-O {[%clk 1:28:09]} 10. O-O
{[%clk 1:26:18]} d5 {[%clk 1:27:28]} 11. Qc2 {[%clk 1:24:41]} h6 {[%clk 1:26:33]}
12. cxd5 {[%clk 1:20:33]} cxd5 {[%clk 1:25:56]} 13. Nf3 {[%clk 1:20:36]} Bb7
{[%clk 1:23:43]} 14. Nd4 {[%clk 1:20:19]} Bg5 {[%clk 1:12:07]} 15. f4
{[%clk 1:18:35]} Be7 {[%clk 1:07:02]} 16. f5 {[%clk 1:17:36]} c5 {[%clk 1:06:38]}
17. f6 {[%clk 1:16:04]} gxf6 {[%clk 0:56:17]} 18. exf6 {[%clk 1:01:13]} Bxf6
{[%clk 0:56:28]} 19. Nf5 {[%clk 1:00:51]} c4 {[%clk 0:50:16]} 20. Nxh6+
{[%clk 1:00:34]} Kh8 {[%clk 0:49:32]} 21. Be2 {[%clk 0:54:33]} Kg7
{[%clk 0:47:53]} 22. Nf5+ {[%clk 0:54:03]} Kg8 {[%clk 0:47:03]} 23. Rf3
{[%clk 0:53:59]} Be5 {[%clk 0:44:32]} 24. Rh3 {[%clk 0:53:31]} Re8
{[%clk 0:44:16]} 25. Qd2 {[%clk 0:52:13]} Qf6 {[%clk 0:43:28]} 26. Rf3
{[%clk 0:50:01]} d4 {[%clk 0:42:17]} 27. Nh6+ {[%clk 0:50:13]} Kg7
{[%clk 0:40:33]} 28. Rxf6 {[%clk 0:50:26]} Bxf6 {[%clk 0:40:59]} 29. Nf5+
{[%clk 0:50:39]} Kf8 {[%clk 0:41:05]} 30. Qh6+ 1-0

[Event "MPA 1580 2024"]
[Site "Sianozety"]
[Date "2024.04.12"]
[Round "8.8"]
[White "Sienczewski, Mariusz"]
[Black "Rosiak, Sebastian"]
[Result "1/2-1/2"]
[BlackElo "1547"]
[WhiteElo "1558"]
[LiveChessVersion "1.4.4"]

1. c4 {[%clk 1:30:57]} e6 {[%clk 1:30:48]} 2. g3 {[%clk 1:31:14]} d5
{[%clk 1:31:07]} 3. Bg2 {[%clk 1:31:22]} Nf6 {[%clk 1:31:29]} 4. cxd5
{[%clk 1:31:19]} exd5 {[%clk 1:31:47]} 5. Nc3 {[%clk 1:31:22]} Be7
{[%clk 1:31:30]} 6. d3 {[%clk 1:31:43]} O-O {[%clk 1:31:46]} 7. Nf3
{[%clk 1:31:48]} c6 {[%clk 1:31:31]} 8. O-O {[%clk 1:31:52]} Nbd7
{[%clk 1:31:27]} 9. a3 {[%clk 1:32:00]} h6 {[%clk 1:31:43]} 10. b4
{[%clk 1:32:15]} a6 {[%clk 1:31:08]} 11. Bd2 {[%clk 1:32:36]} Re8
{[%clk 1:30:44]} 12. Re1 {[%clk 1:32:35]} Bf8 {[%clk 1:30:16]} 13. Rc1
{[%clk 1:32:39]} Nb6 {[%clk 1:28:23]} 14. Na4 {[%clk 1:31:54]} Nxa4
{[%clk 1:23:57]} 15. Qxa4 {[%clk 1:32:13]} Bd7 {[%clk 1:23:36]} 16. Qb3
{[%clk 1:32:17]} Bg4 {[%clk 1:18:50]} 17. h3 {[%clk 1:31:22]} Bxf3
{[%clk 1:13:32]} 18. Bxf3 {[%clk 1:31:32]} Bd6 {[%clk 1:11:04]} 19. Bg2
{[%clk 1:31:40]} Qb6 {[%clk 1:10:17]} 20. e3 {[%clk 1:30:30]} Rac8
{[%clk 1:07:45]} 21. d4 {[%clk 1:30:44]} Ne4 {[%clk 1:06:23]} 22. Bxe4
{[%clk 1:30:17]} Rxe4 {[%clk 1:04:46]} 23. Qd3 {[%clk 1:30:00]} Qd8
{[%clk 1:00:42]} 24. Qf1 {[%clk 1:29:54]} Qg5 {[%clk 0:59:15]} 25. Qg2
{[%clk 1:30:01]} Re7 {[%clk 0:53:00]} 26. Rcd1 {[%clk 1:28:14]} Qg6
{[%clk 0:52:54]} 27. Kh2 {[%clk 1:23:45]} Rce8 {[%clk 0:51:08]} 28. h4
{[%clk 1:19:22]} Qg4 {[%clk 0:44:54]} 29. Qh3 {[%clk 1:18:56]} Qxh3+
{[%clk 0:44:26]} 30. Kxh3 {[%clk 1:19:16]} Kh7 {[%clk 0:40:26]} 31. f3
{[%clk 1:17:49]} g6 {[%clk 0:39:38]} 32. g4 {[%clk 1:16:23]} f6 {[%clk 0:31:12]}
33. Re2 {[%clk 1:16:36]} f5 {[%clk 0:27:25]} 34. Rde1 {[%clk 1:16:37]} Bc7
{[%clk 0:26:03]} 35. Rg2 {[%clk 1:07:32]} Rg8 {[%clk 0:22:46]} 1/2-1/2

[Event "MPA 1580 2024"]
[Site "Sianozety"]
[Date "2024.04.12"]
[Round "8.10"]
[White "Chromicz, Andrzej"]
[Black "Kuriata, Tomasz"]
[Result "0-1"]
[BlackElo "1572"]
[WhiteElo "1492"]
[LiveChessVersion "1.4.4"]

1. e4 {[%clk 1:30:58]} c5 {[%clk 1:30:13]} 2. Nf3 {[%clk 1:31:13]} g6
{[%clk 1:30:36]} 3. Be2 {[%clk 1:31:30]} Bg7 {[%clk 1:30:52]} 4. O-O
{[%clk 1:31:51]} Nc6 {[%clk 1:31:16]} 5. c3 {[%clk 1:30:14]} d5 {[%clk 1:28:38]}
6. exd5 {[%clk 1:29:15]} Qxd5 {[%clk 1:29:05]} 7. c4 {[%clk 1:29:02]} Qd8
{[%clk 1:28:45]} 8. a3 {[%clk 1:25:03]} Nf6 {[%clk 1:27:36]} 9. d3
{[%clk 1:24:18]} O-O {[%clk 1:26:43]} 10. Nc3 {[%clk 1:24:12]} Bf5
{[%clk 1:24:30]} 11. Nh4 {[%clk 1:23:08]} Be6 {[%clk 1:23:04]} 12. Be3
{[%clk 1:20:14]} Nd4 {[%clk 1:20:03]} 13. f4 {[%clk 1:17:38]} Qd7
{[%clk 1:11:16]} 14. Nf3 {[%clk 1:11:17]} Ng4 {[%clk 1:04:26]} 15. Bf2
{[%clk 1:07:56]} Nxf3+ {[%clk 1:01:28]} 16. Bxf3 {[%clk 1:07:31]} Nxf2
{[%clk 1:01:34]} 17. Rxf2 {[%clk 1:06:59]} Bd4 {[%clk 1:01:34]} 18. Qe2
{[%clk 1:06:10]} Rfd8 {[%clk 0:59:49]} 19. Rd1 {[%clk 1:05:49]} Bxf2+
{[%clk 0:58:35]} 20. Kxf2 {[%clk 1:06:07]} Qd4+ {[%clk 0:58:41]} 21. Qe3
{[%clk 1:05:46]} Rd7 {[%clk 0:55:14]} 22. Qxd4 {[%clk 1:02:32]} Rxd4
{[%clk 0:54:12]} 23. g3 {[%clk 1:02:11]} Rad8 {[%clk 0:49:50]} 24. Bd5
{[%clk 1:01:48]} Bxd5 {[%clk 0:48:52]} 25. cxd5 {[%clk 1:01:01]} a6
{[%clk 0:47:16]} 26. b3 {[%clk 0:59:45]} b5 {[%clk 0:46:05]} 27. b4
{[%clk 0:55:38]} cxb4 {[%clk 0:45:23]} 28. axb4 {[%clk 0:55:53]} Rxb4
{[%clk 0:45:30]} 29. Ke3 {[%clk 0:55:38]} a5 {[%clk 0:43:49]} 30. d4
{[%clk 0:55:16]} Rb2 {[%clk 0:42:51]} 31. Re1 {[%clk 0:54:33]} a4
{[%clk 0:42:22]} 32. Ke4 {[%clk 0:54:42]} a3 {[%clk 0:42:05]} 33. Ra1
{[%clk 0:53:52]} b4 {[%clk 0:42:20]} 34. Nb5 {[%clk 0:54:07]} Ra8
{[%clk 0:41:30]} 35. d6 {[%clk 0:54:05]} exd6 {[%clk 0:41:43]} 36. Nxd6
{[%clk 0:54:23]} a2 {[%clk 0:41:54]} 37. Rc1 {[%clk 0:54:19]} a1=Q
{[%clk 0:42:07]} 38. Rc7 {[%clk 0:53:58]} Re2+ {[%clk 0:41:22]} 39. Kd5
{[%clk 0:53:23]} Rd8 0-1